00937cam a22002774a 450000100090000000300040000900500170001300800410003001000170007102000180008802500270010603500260013303700770015904000140023604200100025004300120026005000210027208200210029310000240031424501070033826000410044530000130048650000610049950400510056071000480061115342489OSt20200609144156.0080512s2008 ii a b 001 0 eng  a 2008306689 a9788175414303 aI-E-2008-306689; 63-92 a(IN-NdUBS)UBS08001237 bLibrary of Congress -- New Delhi Overseas OfficecRs395.00 ($20.00 U.S.) aDLCcoclc alcode aa-ii---00aVA643b.K58 2008 a359.00954bKHU/M aKhurana, Gurpreet S10aMaritime forces in pursuit of national security :bpolicy imperatives for India /cGurpreet S. Khurana aDelhi :bShipra Publications,c2008. a142 p. : a"Institute for Defence Studies and Analyses, New Delhi." aIncludes bibliographical references and index.2 aInstitute for Defence Studies and Analyses.